00988cam a2200301 a 450000100090000000300040000900500170001300800410003001000170007102000150008804000180010305000250012108200200014610000370016624500670020325000170027026000510028730000470033850000200038552600190040556200060042465000240043065000180045470000230047270000290049585600870052485600750061113022238OSt20150825092829.0021206s2004 maua 001 0 eng  a 2002044887 a0071237321 aDLCcDLCdDLC00aQD 253.2b.D411 200400aM 540bD28 20041 aDenniston, K. J.q(Katherine J.)10aGeneral, organic, and biochemistry /cKatherine J. Denniston,. a4th edition. aBoston :bMcGraw-Hill Higher Education,c2004. axxxi, 880 pages :billustrations ;c29 cm. aIncludes index. c1210L to 1700L e4 0aChemistry, Organic. 0aBiochemistry.1 aTopping, Joseph J.1 aCaret, Robert L.,d1947-423Publisher descriptionuhttp://www.loc.gov/catdir/description/mh031/2002044887.html413Table of contentsuhttp://www.loc.gov/catdir/toc/mh031/2002044887.html